<?xml version="1.0" encoding="UTF-8"?>
<record
    xmlns:xsi="http://www.w3.org/2001/XMLSchema-instance"
    xsi:schemaLocation="http://www.loc.gov/MARC21/slim http://www.loc.gov/standards/marcxml/schema/MARC21slim.xsd"
    xmlns="http://www.loc.gov/MARC21/slim">

  <leader>01987nam a2200349 a 4500</leader>
  <controlfield tag="001">000020168</controlfield>
  <controlfield tag="003">DO-SdBPM</controlfield>
  <controlfield tag="005">20260217073747.0</controlfield>
  <controlfield tag="007">ta</controlfield>
  <controlfield tag="008">100726s2006    dr        000 0 spa d</controlfield>
  <datafield tag="040" ind1=" " ind2=" ">
    <subfield code="a">DO-SdBPM</subfield>
    <subfield code="b">spa</subfield>
    <subfield code="c">BPMSU </subfield>
    <subfield code="d">rda</subfield>
  </datafield>
  <datafield tag="049" ind1=" " ind2=" ">
    <subfield code="a"> </subfield>
  </datafield>
  <datafield tag="082" ind1=" " ind2="4">
    <subfield code="a">320.98</subfield>
    <subfield code="b">F363d 2006</subfield>
    <subfield code="2">22</subfield>
  </datafield>
  <datafield tag="100" ind1="1" ind2=" ">
    <subfield code="a">Fern&#xE1;ndez, Leonel,</subfield>
    <subfield code="d">1953-</subfield>
    <subfield code="4">aut.</subfield>
    <subfield code="e">autor </subfield>
  </datafield>
  <datafield tag="245" ind1="1" ind2="0">
    <subfield code="a">Democracia y gobernabilidad /</subfield>
    <subfield code="c">Leonel Fern&#xE1;ndez Reyna, Fernando Gamarra, Marcos Villam&#xE1;n.</subfield>
  </datafield>
  <datafield tag="264" ind1=" " ind2=" ">
    <subfield code="a">Santo Domingo :</subfield>
    <subfield code="b">CONARE,</subfield>
    <subfield code="c">2006.</subfield>
  </datafield>
  <datafield tag="300" ind1=" " ind2=" ">
    <subfield code="a">40 p&#xE1;ginas ;</subfield>
    <subfield code="c">23 cm.</subfield>
  </datafield>
  <datafield tag="336" ind1=" " ind2=" ">
    <subfield code="a">texto</subfield>
    <subfield code="b">txt</subfield>
    <subfield code="2">rdacontent</subfield>
  </datafield>
  <datafield tag="337" ind1=" " ind2=" ">
    <subfield code="a">sin mediaci&#xF3;n</subfield>
    <subfield code="b">n</subfield>
    <subfield code="2">rdamedia</subfield>
  </datafield>
  <datafield tag="338" ind1=" " ind2=" ">
    <subfield code="a">volumen</subfield>
    <subfield code="b">nc</subfield>
    <subfield code="2">rdacarrier</subfield>
  </datafield>
  <datafield tag="490" ind1="0" ind2=" ">
    <subfield code="a">Cuadernillos de la reforma</subfield>
  </datafield>
  <datafield tag="505" ind1="0" ind2=" ">
    <subfield code="a">Introducci&#xF3;n, 7.-- Desaf&#xED;os de la gobernabilidad en Am&#xE9;rica Latina, 9.-- M&#xE1;s all&#xE1; del consenso de Washington, 11.-- Responsabilidad de los actores, 13.-- La nueva izquierda latinoamericana, 17.-- &#xBF;Cu&#xE1;n nueva es la Nueva Izquierda y por qu&#xE9; surgi&#xF3;?, 18.-- Las diferentes izquierdas en las Am&#xE9;ricas, 21.-- La gobernabilidad democr&#xE1;tica y la Nueva Izquierda, 23.-- Conclusi&#xF3;n, 25.-- Gobernabilidad y gobernanza en la Rep&#xFA;blica Dominicana, 27.-- Gobernabilidad y democracia: algunos hitos importantes, 27.-- Gobernabilidad y gobernanza, 29.-- Democracia electoral: importantes puntos ganados, 30.-- Participaci&#xF3;n, inclusi&#xF3;n y gobernabilidad democr&#xE1;tica, 31.-- Gobernabilidad democr&#xE1;tica y equidad: el d&#xE9;ficit pendiente de ciudadan&#xED;a social, 34.-- Corrupci&#xF3;n e impunidad, 36.-- Algunas conclusiones: gobernabilidad y gobernanza, los desafios reales, 36.</subfield>
  </datafield>
  <datafield tag="590" ind1=" " ind2=" ">
    <subfield code="a">Inventariado, 2026/VM</subfield>
  </datafield>
  <datafield tag="650" ind1=" " ind2="7">
    <subfield code="a">Democracia </subfield>
    <subfield code="z">Am&#xE9;rica Latina</subfield>
  </datafield>
  <datafield tag="650" ind1=" " ind2="7">
    <subfield code="a"> Izquierda (pol&#xED;tica)</subfield>
    <subfield code="z">Am&#xE9;rica Latina</subfield>
  </datafield>
  <datafield tag="651" ind1=" " ind2="7">
    <subfield code="a">Am&#xE9;rica Latina </subfield>
    <subfield code="x">Pol&#xED;tica y gobierno</subfield>
  </datafield>
  <datafield tag="700" ind1="1" ind2=" ">
    <subfield code="a">Gamarra, Fernando</subfield>
  </datafield>
  <datafield tag="700" ind1="1" ind2=" ">
    <subfield code="a">Villam&#xE1;n, Marcos</subfield>
  </datafield>
  <datafield tag="710" ind1="2" ind2=" ">
    <subfield code="a">Consejo Nacional de Reforma del Estado</subfield>
  </datafield>
  <datafield tag="910" ind1=" " ind2=" ">
    <subfield code="a">VMateo V. Control de calidad. BPMSU </subfield>
  </datafield>
  <datafield tag="942" ind1=" " ind2=" ">
    <subfield code="2">ddc</subfield>
    <subfield code="c">BK</subfield>
  </datafield>
  <datafield tag="952" ind1=" " ind2=" ">
    <subfield code="0">0</subfield>
    <subfield code="1">0</subfield>
    <subfield code="2">ddc</subfield>
    <subfield code="7">0</subfield>
    <subfield code="8">CD</subfield>
    <subfield code="a">BPMET</subfield>
    <subfield code="b">BPMET</subfield>
    <subfield code="d">2026-02-17</subfield>
    <subfield code="l">0</subfield>
    <subfield code="o">BPMSU CD 320.98 F363d 2006</subfield>
    <subfield code="p">BPMSU26020099</subfield>
    <subfield code="r">2026-02-17</subfield>
    <subfield code="w">2026-02-17</subfield>
    <subfield code="y">BK</subfield>
  </datafield>
  <datafield tag="999" ind1=" " ind2=" ">
    <subfield code="c">15699</subfield>
    <subfield code="d">15699</subfield>
  </datafield>
</record>
